[Event "GRE-ch Online Blitz op 1st"]
[Site "Tornelo INT"]
[Date "2021.02.07"]
[Round "7"]
[White "Giannakouras, Ioannis"]
[Black "Alexandri, Dimitra"]
[Result "0-1"]
[WhiteElo "1372"]
[BlackElo "1102"]
[PlyCount "150"]
[EventDate "2021.02.07"]
[EventType "swiss (blitz)"]
[EventRounds "16"]
[EventCountry "GRE"]
[SourceTitle "EXT 2023"]
[Source "ChessBase"]
[SourceDate "2022.10.05"]
[SourceVersion "1"]
[SourceVersionDate "2022.10.05"]
[SourceQuality "1"]

1. Nf3 Nf6 2. d4 d6 3. c4 g6 4. Nc3 Bg7 5. e4 0-0 6. b3 e5 7. d5 a5 8. Bg5 Na6 9. Bd3 h6 10. Be3 Re8 11. h3 Nc5 12. 0-0 b6 13. Rc1 Rf8 14. Rb1 Bd7 15. b4 axb4 16. Rxb4 Qe8 17. Bxc5 bxc5 18. Rb2 Qc8 19. Kh2 Kh7 20. Qd2 Rb8 21. Rfb1 Rxb2 22. Rxb2 Nh5 23. Ne2 Nf6 24. Ng3 Qa8 25. Qc1 Qa3 26. Qb1 Ra8 27. Ne1 Qa6 28. Nf3 Qa7 29. Nh1 Qa6 30. Ng3 Qa5 31. Bc2 Qa6 32. Bb3 Rb8 33. Qc2 Qa7 34. Nd2 Rb7 35. Qd3 Qb8 36. Rb1 Rb4 37. Qf3 Rb6 38. Qd1 Rb7 39. Ba4 Rxb1 40. Nxb1 Bxa4 41. Qxa4 Qxb1 42. Qc6 Qb6 43. Qa4 Qb7 44. Qc6 Qxc6 45. dxc6 Bf8 46. a4 Ne8 47. a5 d5 48. a6 Nd6 49. exd5 Nc8 50. Ne4 Na7 51. Nxc5 Bxc5 52. g3 Bb6 53. f4 e4 54. Kg2 e3 55. Kf1 f5 56. Ke2 Kg7 57. g4 fxg4 58. hxg4 Kf6 59. d6 cxd6 60. c5 dxc5 61. c7 Bxc7 62. g5+ hxg5 63. fxg5+ Kxg5 64. Kxe3 Kf5 65. Kd3 g5 66. Kc4 g4 67. Kxc5 g3 68. Kd4 g2 69. Kd5 g1Q 70. Kc4 Qb6 71. Kd5 Qxa6 72. Kd4 Nb5+ 73. Kd5 Nc3+ 74. Kd4 Be5+ 75. Kc5 Qb5# 0-1

[Event "GRE-ch Online Blitz op 1st"]
[Site "Tornelo INT"]
[Date "2021.02.07"]
[Round "2"]
[White "Giannakouras, Ioannis"]
[Black "Drakaki, Anna Maria"]
[Result "0-1"]
[WhiteElo "1372"]
[BlackElo "1861"]
[PlyCount "76"]
[EventDate "2021.02.07"]
[EventType "swiss (blitz)"]
[EventRounds "16"]
[EventCountry "GRE"]
[SourceTitle "EXT 2023"]
[Source "ChessBase"]
[SourceDate "2022.10.05"]
[SourceVersion "1"]
[SourceVersionDate "2022.10.05"]
[SourceQuality "1"]

1. Nf3 Nf6 2. d4 e6 3. c4 Bb4+ 4. Bd2 Bxd2+ 5. Nbxd2 0-0 6. e4 d6 7. Bd3 Nbd7 8. 0-0 Qe7 9. Qc2 e5 10. Nb3 Re8 11. Rfe1 Nf8 12. dxe5 dxe5 13. c5 Bg4 14. Be2 Ng6 15. h3 Bd7 16. Bc4 Bc6 17. Nbd2 Nf4 18. b4 a6 19. a4 N6h5 20. Nf1 Qf6 21. Ne3 Nxh3+ 22. gxh3 Qxf3 23. Be2 Qxh3 24. Bxh5 Qxh5 25. Ng2 Qg6 26. Re3 Rad8 27. Rd1 Rxd1+ 28. Qxd1 Bxe4 29. Rg3 Qc6 30. Qg4 g6 31. f3 Bc2 32. Kh2 Rd8 33. Rh3 Rd2 34. Qh4 h5 35. Qg3 Kf8 36. f4 Bf5 37. Rh4 Qd5 38. fxe5 Be4 0-1

[Event "GRE-ch Online Rapid op 1st"]
[Site "Tornelo INT"]
[Date "2021.02.06"]
[Round "5"]
[White "Giannakouras, Ioannis"]
[Black "Lykotrafitis, Fotios"]
[Result "0-1"]
[WhiteElo "1167"]
[BlackElo "1400"]
[PlyCount "132"]
[EventDate "2021.02.06"]
[EventType "swiss (rapid)"]
[EventRounds "8"]
[EventCountry "GRE"]
[SourceTitle "EXT 2023"]
[Source "ChessBase"]
[SourceDate "2022.10.05"]
[SourceVersion "1"]
[SourceVersionDate "2022.10.05"]
[SourceQuality "1"]

1. Nf3 d5 2. d4 e6 3. c4 Nf6 4. Nc3 b6 5. cxd5 exd5 6. e3 Bb7 7. Bd3 Nbd7 8. 0-0 Be7 9. b3 0-0 10. Bb2 Rc8 11. Rc1 c5 12. Bf5 a6 13. Ne5 Rc7 14. Na4 Nxe5 15. dxe5 Nd7 16. e6 b5 17. exd7 bxa4 18. Be5 Rxd7 19. Bxd7 Qxd7 20. bxa4 Bc6 21. f4 Bxa4 22. Qf3 Bc6 23. Qg3 f6 24. Bb2 Bd6 25. Ba3 Qe7 26. Qe1 Re8 27. Rf3 d4 28. Rf1 dxe3 29. Bb2 Qe4 30. Rf3 Qd3 31. Rd1 Qc2 32. Rxd6 Bxf3 33. gxf3 Qxb2 34. Rd3 e2 35. Rd2 Qb5 36. Kf2 Qa4 37. Rxe2 Qd4+ 38. Kg3 Rxe2 39. Qxe2 Qg1+ 40. Kh3 Qg6 41. Qxa6 Qf5+ 42. Kg2 Kf7 43. Qc4+ Kg6 44. a4 Qd7 45. a5 Qd2+ 46. Kh3 Qxa5 47. Qe4+ Kf7 48. Qxh7 c4 49. Qe4 Qc7 50. f5 c3 51. Qe6+ Kf8 52. Qa2 c2 53. Qa3+ Kf7 54. Qc1 Qc3 55. Kg3 Qe5+ 56. f4 Qe4 57. Kg4 Qe2+ 58. Kh3 Qd1 59. Qb2 Qf1+ 60. Kh4 Qxf4+ 61. Kh3 c1Q 62. Qb7+ Qcc7 63. Qd5+ Ke7 64. Qe6+ Kf8 65. Qc6 Qxf5+ 66. Kh4 Qcf4# 0-1

[Event "GRE-ch Schools Gymnasia-B 30th"]
[Site "Peristeri"]
[Date "2018.04.01"]
[Round "1"]
[White "Goutis, Panagiotis"]
[Black "Giannakouras, Ioannis"]
[Result "1-0"]
[WhiteElo "1583"]
[BlackElo "1216"]
[PlyCount "147"]
[EventDate "2018.04.01"]
[EventType "swiss (rapid)"]
[EventRounds "9"]
[EventCountry "GRE"]
[SourceTitle "EXT 2019"]
[Source "ChessBase"]
[SourceDate "2018.10.10"]
[SourceVersion "1"]
[SourceVersionDate "2018.10.10"]
[SourceQuality "1"]

1. d4 Nf6 2. c4 e6 3. Nc3 Bb4 4. e3 0-0 5. Nge2 c5 6. a3 Bxc3+ 7. Nxc3 cxd4 8. exd4 h6 9. Bd3 d5 10. 0-0 b6 11. cxd5 exd5 12. Bf4 Bb7 13. Bc2 Nc6 14. Qd3 Ne7 15. Rfe1 Ng6 16. Be5 Re8 17. f4 Ne4 18. Nxe4 dxe4 19. Qe3 f5 20. Qg3 Kh7 21. Bd1 Nxe5 22. dxe5 Qd4+ 23. Qf2 Qxf2+ 24. Kxf2 Rad8 25. Ba4 Re6 26. Rad1 Rxd1 27. Rxd1 Re7 28. Rd7 Rxd7 29. Bxd7 Kg6 30. Be8+ Kh7 31. e6 Kg8 32. e7 Bd5 33. Bh5 Bf7 34. e8Q+ Bxe8 35. Bxe8 Kh7 36. Ke3 g5 37. g3 Kg7 38. Bc6 Kf6 39. Bxe4 fxe4 40. Kxe4 Ke6 41. fxg5 hxg5 42. h4 gxh4 43. gxh4 Kf6 44. Kf4 Kg6 45. Kg4 Kh6 46. h5 Kh7 47. Kg5 Kg7 48. h6+ Kh7 49. b4 a5 50. b5 a4 51. Kh5 Kh8 52. Kg6 Kg8 53. Kf6 Kh7 54. Ke6 Kxh6 55. Kd6 Kg7 56. Kc6 Kf8 57. Kxb6 Ke8 58. Kc7 Ke7 59. b6 Ke6 60. b7 Kd5 61. b8Q Kc4 62. Qb4+ Kd5 63. Qxa4 Ke5 64. Qc4 Kf5 65. Qd4 Ke6 66. a4 Ke7 67. Qd6+ Kf7 68. a5 Kg7 69. a6 Kh7 70. a7 Kg7 71. a8Q Kh7 72. Qe4+ Kg7 73. Qeg6+ Kh8 74. Qdf6# 1-0

[Event "GRE-ch U12"]
[Site "Porto Rio"]
[Date "2016.07.02"]
[Round "7"]
[White "Papaioannou, Charalampos"]
[Black "Giannakouras, Ioannis"]
[Result "1-0"]
[WhiteElo "1103"]
[BlackElo "1200"]
[PlyCount "75"]
[EventDate "2016.06.28"]
[EventType "swiss"]
[EventRounds "9"]
[EventCountry "GRE"]
[SourceTitle "CBM 173 Extra"]
[Source "ChessBase"]
[SourceDate "2016.08.29"]
[SourceVersion "1"]
[SourceVersionDate "2016.08.29"]
[SourceQuality "1"]

1. e4 e5 2. Nf3 Nc6 3. Bc4 Nf6 4. d3 Bc5 5. Nc3 h6 6. Be3 d6 7. h3 0-0 8. 0-0 Re8 9. Nd5 a6 10. a4 Bd7 11. c3 Bxe3 12. fxe3 Rb8 13. Nd2 b5 14. Nxf6+ gxf6 15. axb5 axb5 16. Bd5 Rf8 17. d4 Qe7 18. Qf3 Kg7 19. Qg3+ Kh7 20. Qh4 Kg7 21. Rf3 Rg8 22. Raf1 f5 23. Qg3+ Kh7 24. Qh2 Rg5 25. exf5 Rbg8 26. R3f2 Rg3 27. Nf3 e4 28. Nd2 Rxe3 29. Qf4 Reg3 30. Bxe4 f6 31. Bd5 R8g5 32. Ne4 Rxf5 33. Qxg3 Rxd5 34. Nxf6+ Qxf6 35. Rxf6 Rg5 36. Qd3+ Bf5 37. R1xf5 Rxf5 38. Qxf5+ 1-0

[Event "GRE-ch U12"]
[Site "Porto Rio"]
[Date "2016.06.30"]
[Round "4"]
[White "Giannakouras, Ioannis"]
[Black "Digenis, Marios"]
[Result "1/2-1/2"]
[WhiteElo "1200"]
[BlackElo "1088"]
[PlyCount "35"]
[EventDate "2016.06.28"]
[EventType "swiss"]
[EventRounds "9"]
[EventCountry "GRE"]
[SourceTitle "CBM 173 Extra"]
[Source "ChessBase"]
[SourceDate "2016.08.29"]
[SourceVersion "1"]
[SourceVersionDate "2016.08.29"]
[SourceQuality "1"]

1. e4 c5 2. Nf3 Nc6 3. d4 cxd4 4. Nxd4 g6 5. c4 Nf6 6. Nc3 Nxd4 7. Qxd4 d6 8. Bg5 Bg7 9. Bxf6 Bxf6 10. Qd2 0-0 11. Be2 Bg7 12. 0-0 Bd7 13. h3 Qa5 14. Rfd1 Rfe8 15. Nd5 Qxd2 16. Rxd2 Rac8 17. Rad1 Kf8 18. b3 1/2-1/2